LEADER 01228nam a2200301 a 4500 001 000000137438 003 CaOOAMICUS 005 20140224094816.0 008 140224s2004 fr 000 u fre r 020 $a2-85385-256-3 040 $aPUL$bita 100 1 $aSentis, Laurent,$csac.,$d1950-$0(OLS)http://pul/name/10640 245 10$aDe l'utilité des vertus /$cLaurent Sentis ; preface de Mgr Rey. 260 $aParis :$bBeauchesne,$c©2004. 300 $aVIII, 403 p. ;$c22 cm 490 1 $aLe point théologique ;$v61 500 $aComplemento del tit. in cop.: Ethique et alliance. 504 $aBibliografia in nota. 650 14$aVirtù.$0(OLS)http://pul/subject/18910 700 1 $aRey, Dominique.$0(OLS)http://pul/name/88572 830 3$aLe point théologique ;$v61.$0(OLS)http://pul/title/10197 850 $aPUL 852 $aPUL$W1$xSL Religione 2$y84$mTheol A14 61$j158436$qStampati Altre Collocazioni$B157955$CPULBib$Z2$F157955 $H123494 $82 941 1 $a10 996 $6020$a2-85385-256-3$9(OLS)http://pul/number/154543 996 $6245$aDe l'utilité des vertus$9(OLS)http://pul/title/173999 996 $6260$aParis :$bBeauchesne$9(OLS)http://pul/publisher/48115 LEADER 01345nam a2200313 a 4500 001 000000138931 003 CaOOAMICUS 005 20140624100728.0 008 140624s1988 it u000 u ita r 020 $a88-399-1017-4 040 $aPUL$bita 100 1 $aMannucci, Valerio,$csac.,$d1932-$0(OLS)http://pul/name/25591 245 10$aBibbia come parola di Dio :$bintroduzione generale alla sacra scrittura /$cValerio Mannucci ; presentazione di L. Alonso Schökel. 250 $a9. ed. riveduta. 260 $aBrescia :$bQueriniana,$c1988. 300 $a389 p. ;$c23 cm 490 1 $aStrumenti ;$v17 504 $aBibliografia in nota. 630 04$aBiblia$xCritica e interpretazione.$0(OLS)http://pul/subject/2023 700 1 $aAlonso-Schokel, Luis,$cS.I.,$d1920-1998.$0(OLS)http://pul/name/5079 830 0$aStrumenti (Queriniana) ;$v17.$0(OLS)http://pul/title/142 850 $aPUL 852 $aPUL$W1$xDP1 Fondo Gelio$y54$m1 A 22$j151005$qFondi$B159831$CPULBib$Z2$F159831 $82 900 $aSchökel, Luis Alonso,$cS.I.,$d1920-1998$95079 941 1 $a1 996 $6020$a88-399-1017-4$9(OLS)http://pul/number/155598 996 $6245$aBibbia come parola di Dio :$bintroduzione generale alla sacra scrittura$9(OLS)http://pul/title/175896 996 $6260$aBrescia :$bQueriniana$9(OLS)http://pul/publisher/47906